Modern Indian literature: An anthology; Vol.1 Surveys and poems

Uloženo v:
Podrobná bibliografie
Médium: Kniha
Jazyk:Undetermined
Vydáno: Hamdard Marg, Delhi Sahitya Akademi 1992
Témata:
Tagy: Přidat tag
Žádné tagy, Buďte první, kdo otaguje tento záznam!
Thư viện lưu trữ: Trung tâm Học liệu Trường Đại học Cần Thơ
LEADER 00522nam a2200169Ia 4500
001 CTU_34015
008 210402s9999 xx 000 0 und d
082 |a 808.1 
082 |b M384/Vol.1 
245 0 |a Modern Indian literature: An anthology; Vol.1 
245 0 |b Surveys and poems 
260 |a Hamdard Marg, Delhi 
260 |b Sahitya Akademi 
260 |c 1992 
650 |a indic literature - 20th century,indic poetry - collections 
904 |i Minh, 991118 
980 |a Trung tâm Học liệu Trường Đại học Cần Thơ